Is Economic Growth a Random Walk?

Salvato in:
Dettagli Bibliografici
Autore principale: Maurer, Rainer
Natura: Libro
Lingua:inglese
Pubblicazione: Kiel Institut für Weltwirtschaft 1995
Serie:Kiel Working Paper Nr.677
Soggetti:
Tags: Aggiungi Tag
Nessun Tag, puoi essere il primo ad aggiungerne!!

MARC

LEADER 00000nam a2200000 4500
001 c010682
005 20250521093002.1
041 0 |a eng 
044 |a DE 
245 1 0 |a Is Economic Growth a Random Walk?  |c Rainer Maurer 
264 1 |a Kiel  |b Institut für Weltwirtschaft  |c 1995 
300 |a 58 s. 
490 1 |a Kiel Working Paper  |v Nr.677 
830 0 |a Kiel Working Paper  |v Nr.677 
610 2 0 |a rast hospodársky 
610 2 0 |a teórie ekonomické 
610 2 0 |a modely ekonomické 
610 2 0 |a teórie rastu hospodárskeho 
100 1 |a Maurer, Rainer